LEADER 01404nam a2200265 i 4500 001 000000037213 003 CaOOAMICUS 005 20211119145705.0 008 140820s1991 gw u000 u eng u 013 $a7437 020 $a3-16-145503-7 040 $aSeMil$bita 100 1 $aBlackburn, Barry.$0(OLS)http://semarc/name/17731 245 10$aTheios an?r and the Markan miracle traditions :$ba critique of the theios an?r concept as an interpretative background of the miracle traditions used by Mark /$cby Barry Blackburn. 264 1$aTübingen :$bJ.C.B. Mohr, Paul Siebeck,$c1991. 300 $aXII, 334 p. ;$c24 cm. 490 1 $aWissenschaftliche Untersuchungen zum Neuen Testament. 2. Reihe ;$v40 650 4$aBibbia - NT - Marco - Miracoli.$0(OLS)http://semarc/subject/7704 830 0$aWissenschaftliche Untersuchungen zum Neuen Testament. 2. Reihe ;$v40.$0(OLS)http://semarc/title/3999 850 $aSeMil 852 $aSeMil$W1$xVenegono$y1$m2XA D 40$j230030$B3368$CSeMilBibl$Z2$F3368 $81 996 $6020$a3-16-145503-7$9(OLS)http://semarc/number/6136 996 $6245$aTheios an?r and the Markan miracle traditions :$ba critique of the theios an?r concept as an interpretative background of the miracle traditions used by Mark$9(OLS)http://semarc/title/51994 996 $6264$aTübingen :$bJ.C.B. Mohr, Paul Siebeck$9(OLS)http://semarc/publisher/31825 LEADER 01302nam a2200241 i 4500 001 000000167602 003 CaOOAMICUS 005 20131107000000.0 008 131107s1895 it u000 u ita u 013 $a145001 040 $aSeMil$bita 100 1 $aSan Martino, Carlo .$0(OLS)http://semarc/name/63027 245 10$aSalviamo il Fanciullo! /$cCarlo San Martino. 260 $aMilano :$bTip. editrice L. F. Cogliati,$c1895. 300 $a218 p., [3] c. di tav., di cui 2 ripeg. :$bill. ;$c25 cm. 500 $aManca il front. - In cop. : Nel 10. anniversario della fondazione dell'Istituto pei Figli della Provvidenza. 650 4$aMilano - Istituti di assistenza - Istituto pei Figli della Provvidenza.$0(OLS)http://semarc/subject/31947 774 0 $tStatuto del Pio Istituto pei Figli della Provvidenza.$w()305967 774 0 $tProspetto riassuntivo dell'entrata, dell'uscita e della formazione del Patrimonio del Pio Istituto pei Figli della Provvidenza nel 1. Decennio dal 1885 al 1894.$w()305968 850 $aSeMil 852 $aSeMil$W1$xVenegono$y1$m2R V 3 FA$j118753$B118753$CSeMilBibl$Z2$F129604 $8I 996 $6245$aSalviamo il Fanciullo!$9(OLS)http://semarc/title/239778 996 $6260$aMilano :$bTip. editrice L. F. Cogliati$9(OLS)http://semarc/publisher/48721